[Event "Qatar Masters Open 2014"]
[Site "Doha QAT"]
[Date "2014.11.26"]
[Round "1.41"]
[White "Salgado Lopez, Ivan"]
[Black "Guramishvili, Sopiko"]
[Result "1-0"]
[WhiteTitle "GM"]
[BlackTitle "IM"]
[WhiteElo "2622"]
[BlackElo "2388"]
[WhiteFideId "2257327"]
[BlackFideId "13602888"]
[EventDate "2014.11.26"]

1. Nf3 Nf6 2. c4 e6 3. g3 d5 4. Bg2 d4 5. O-O c5 6. e3 Nc6 7. exd4 cxd4 8. d3
Bd6 9. Na3 O-O 10. Rb1 e5 11. Nc2 Re8 12. Bg5 h6 13. Bxf6 Qxf6 14. Nd2 Qg6 15.
b4 a6 16. Re1 Bf5 17. Ne4 Bf8 18. c5 Rad8 19. Bf3 Qe6 20. a4 Bg6 21. Na3 f5 22.
Nd2 Qf7 23. Bg2 Kh8 24. Nac4 e4 25. Qb3 b5 26. axb5 axb5 27. Na3 Qxb3 28. Rxb3
e3 29. Nf3 Bf7 30. Rbb1 exf2+ 31. Kxf2 Rxe1 32. Nxe1 Nxb4 33. Rxb4 Bxc5 34. Nec2
Bxb4 35. Nxb4 Be8 36. Bd5 g6 37. Nac2 Kg7 38. Ke2 Bf7 39. Bxf7 Kxf7 40. Nc6 Ra8
41. N6xd4 Ra2 42. Kd2 b4 43. Kc1 Kf6 44. Kb1 Ra8 45. Nxb4 Rb8 46. Nc6 Re8 47.
Nd5+ Kf7 48. Nc3 Rc8 49. Ne5+ Kf6 50. Nc4 g5 51. Kc2 Ke6 52. Kd2 h5 53. Ke3 Rf8
54. Ne2 Kd5 55. Kf3 Rh8 56. h4 gxh4 57. gxh4 Rg8 58. Ne3+ Ke5 59. d4+ Kf6 60.
Ng3 Rh8 61. Kf4 Rd8 62. Ngxf5 Ra8 63. Ng3 Ra4 64. Ke4 Kg6 65. Ke5 Ra3 66. Ngf5
Kf7 67. d5 Ra5 68. Ng3 Ra4 69. Nef5 1-0

[Event "Qatar Masters Open 2014"]
[Site "Doha QAT"]
[Date "2014.11.27"]
[Round "2.73"]
[White "Sardana, Rishi"]
[Black "Salih, Akar Ali Salih"]
[Result "1-0"]
[WhiteTitle "IM"]
[BlackTitle "FM"]
[WhiteElo "2415"]
[BlackElo "2284"]
[WhiteFideId "25004301"]
[BlackFideId "4800575"]
[EventDate "2014.11.26"]

1. e4 c5 2. Nf3 d6 3. d4 cxd4 4. Nxd4 Nf6 5. Nc3 a6 6. h3 e6 7. g4 b5 8. Bg2 Bb7
9. O-O b4 10. Nd5 exd5 11. exd5 Qb6 12. Re1+ Kd8 13. Be3 Qc7 14. Bg5 Nd7 15. Qe2
Ne5 16. f4 Qc5 17. fxe5 Qxd4+ 18. Be3 Qxe5 19. Bb6+ Kd7 20. Qc4 Rc8 21. Qb3 Qxd5
22. Bxd5 Nxd5 23. Bf2 h5 24. Rad1 hxg4 25. Rxd5 Rxh3 26. Qxb4 Rh1+ 27. Kxh1
Bxd5+ 28. Kg1 f5 29. Qa5 Be4 30. Rxe4 1-0

[Event "Qatar Masters Open 2014"]
[Site "Doha QAT"]
[Date "2014.11.29"]
[Round "4.27"]
[White "Vovk, Andrey"]
[Black "Belyakov, Bogdan"]
[Result "1-0"]
[WhiteTitle "GM"]
[BlackTitle "IM"]
[WhiteElo "2640"]
[BlackElo "2456"]
[WhiteFideId "14114470"]
[BlackFideId "24104795"]
[EventDate "2014.11.26"]

1. g3 Nf6 2. Bg2 d6 3. d4 Nc6 4. c4 g6 5. Nc3 Bg7 6. d5 Ne5 7. f4 Ned7 8. e4 c6
9. Be3 O-O 10. h3 Qa5 11. Ne2 Nb6 12. Qd3 e6 13. dxe6 Bxe6 14. b3 Qa6 15. Rd1
Rad8 16. O-O Qa5 17. Bd4 Ne8 18. Bf2 f5 19. e5 Rd7 20. exd6 Rxd6 21. Qe3 Bf7 22.
Rxd6 Nxd6 23. c5 Re8 24. Qd3 Ne4 25. Bxe4 fxe4 26. Nxe4 Nc8 27. Bd4 Rd8 28. Qe3
Rxd4 29. Nxd4 Ne7 30. Nf3 Qxa2 31. Nd6 Nd5 32. Qd3 Qa3 33. Nxf7 Qxc5+ 34. Kh2
Kxf7 35. f5 Qe3 36. fxg6+ hxg6 37. Ng5+ Kg8 38. Qxg6 Qe2+ 39. Kg1 Qe3+ 40. Kh1
Nf6 41. Rxf6 Qc1+ 42. Kg2 Qc2+ 43. Qxc2 1-0

[Event "Qatar Masters Open 2014"]
[Site "Doha QAT"]
[Date "2014.11.29"]
[Round "4.49"]
[White "Sukandar, Irine Kharisma"]
[Black "Fedorchuk, Sergey A."]
[Result "0-1"]
[WhiteTitle "IM"]
[BlackTitle "GM"]
[WhiteElo "2407"]
[BlackElo "2664"]
[WhiteFideId "7101937"]
[BlackFideId "14102536"]
[EventDate "2014.11.26"]

1. e4 c5 2. Nf3 a6 3. c4 e6 4. Nc3 Qc7 5. d4 cxd4 6. Nxd4 Nf6 7. a3 b6 8. Be3
Bb7 9. f3 Be7 10. Be2 O-O 11. O-O d6 12. a4 Re8 13. Qd2 Nbd7 14. a5 bxa5 15. Nb3
d5 16. exd5 Bb4 17. dxe6 Rxe6 18. Bd4 Rd8 19. Qc2 Bd6 20. Rxa5 Bxh2+ 21. Kh1 Bg3
22. Qf5 Nf8 23. Bd3 Bc8 24. Rc5 Qb8 25. Rxc8 Qxc8 26. Qh3 Be5 27. Bxe5 Rxe5 28.
Qxc8 Rxc8 29. Ra1 Rb8 30. Bc2 Nh5 31. Rxa6 Ng3+ 32. Kg1 Ne2+ 33. Kf2 Nxc3 34.
bxc3 Ne6 35. Nd4 Rb2 36. Ra8+ Nf8 37. Rc8 g6 38. c5 Kg7 39. f4 Re7 40. f5 Nd7
41. c6 Nc5 42. Kf3 Kf6 43. Rh8 Ra7 44. Ke3 Re7+ 45. Kf3 gxf5 46. Bxf5 Ne6 47.
Bxe6 fxe6 48. Ke4 e5 49. Rf8+ Kg7 50. Ne6+ Rxe6 51. c7 Kxf8 52. c8=Q+ Kf7 53.
Qd7+ Re7 54. Qf5+ Ke8 55. Qc8+ Kf7 56. Qf5+ Kg7 57. Qg5+ Kf8 58. Qf5+ Rf7 59.
Qc8+ Kg7 60. Qg4+ Kh8 61. Kxe5 Rg7 62. Qf3 Rbxg2 63. Qf8+ Rg8 64. Qf6+ R2g7 65.
c4 Re8+ 66. Kd4 Kg8 67. c5 Rg6 68. Qf5 Ree6 69. Kc4 Kg7 70. Kb5 h6 71. Qd5 Rgf6
72. Qg2+ Kf7 73. Qb7+ Re7 74. Qd5+ Kg7 75. c6 Rc7 76. Qg2+ Rg6 77. Qb2+ Kh7 78.
Qd4 Rgxc6 79. Qe4+ Rg6 80. Qf5 Re7 81. Qf8 Re5+ 82. Kc4 h5 83. Kd4 Reg5 84. Qe7+
Rg7 85. Qe4+ Kh6 86. Qf4 Kg6 87. Qe4+ Rf5 88. Qe8+ Kg5 89. Ke3 Rgf7 90. Qd8+ Kg4
91. Qd4+ Rf4 92. Qd6 Rf3+ 93. Ke2 Rf2+ 94. Ke1 R2f4 95. Qd1+ Kh4 96. Qd8+ Kh3
97. Qc8+ R7f5 98. Ke2 Re4+ 99. Kd3 Re5 100. Kd4 h4 101. Qc3+ Kg4 102. Qc6 Rd5+
103. Ke3 Kg3 104. Qc7+ Rfe5+ 0-1

[Event "Qatar Masters Open 2014"]
[Site "Doha QAT"]
[Date "2014.11.30"]
[Round "5.64"]
[White "Karthikeyan, Murali"]
[Black "Kochetkova, Julia"]
[Result "1-0"]
[WhiteTitle "IM"]
[BlackTitle "WGM"]
[WhiteElo "2497"]
[BlackElo "2345"]
[WhiteFideId "5074452"]
[BlackFideId "4139690"]
[EventDate "2014.11.26"]

1. e4 d6 2. d4 Nf6 3. Nc3 e5 4. dxe5 dxe5 5. Qxd8+ Kxd8 6. Bg5 c6 7. f4 Nd7 8.
Nf3 h6 9. Bh4 Ke8 10. fxe5 Ng4 11. Bg3 Nb6 12. Bd3 Ne3 13. Ke2 Nxg2 14. h4 Bc5
15. Nd1 g5 16. hxg5 h5 17. b4 1-0

[Event "Qatar Masters Open 2014"]
[Site "Doha QAT"]
[Date "2014.11.30"]
[Round "5.72"]
[White "Kharous, Ernest"]
[Black "Gu, Xiaobing"]
[Result "1-0"]
[WhiteTitle "IM"]
[BlackTitle "WGM"]
[WhiteElo "2358"]
[BlackElo "2283"]
[WhiteFideId "4185730"]
[BlackFideId "8602611"]
[EventDate "2014.11.26"]

1. e4 c5 2. Nc3 a6 3. f4 b5 4. Nf3 Bb7 5. d3 e6 6. Be2 d5 7. O-O b4 8. f5 bxc3
9. fxe6 f6 10. bxc3 dxe4 11. Nh4 Qd5 12. Rb1 Ra7 13. Bh5+ Ke7 14. Nf5+ Kd8 15.
dxe4 Qxd1 16. Rxd1+ Kc8 17. Bf4 Nc6 18. Rd7 Ne5 19. Rbd1 Ra8 20. Bxe5 fxe5 21.
e7 Nxe7 22. Nxe7+ Bxe7 23. Rxe7 Kb8 24. Rb1 Ra7 25. Bf7 Ka8 26. Rbxb7 Rxb7 27.
Bd5 Rb8 28. Rxg7 Ka7 29. Rxb7+ Rxb7 30. Bxb7 Kxb7 31. g4 Kc6 32. h4 Kd6 33. c4 1-0

[Event "Qatar Masters Open 2014"]
[Site "Doha QAT"]
[Date "2014.12.02"]
[Round "7.15"]
[White "Volokitin, Andrei"]
[Black "Cheparinov, Ivan"]
[Result "1-0"]
[WhiteTitle "GM"]
[BlackTitle "GM"]
[WhiteElo "2627"]
[BlackElo "2684"]
[WhiteFideId "14107090"]
[BlackFideId "2905540"]
[EventDate "2014.11.26"]

1. e4 c5 2. Nf3 d6 3. Bb5+ Nd7 4. c3 Nf6 5. Qe2 a6 6. Ba4 b5 7. Bc2 Bb7 8. d4 g6
9. a4 Bg7 10. e5 Bxf3 11. gxf3 dxe5 12. dxe5 Nh5 13. f4 O-O 14. Be4 Rb8 15. axb5
axb5 16. Bf3 c4 17. Be3 Nc5 18. Bxc5 Nxf4 19. Qe3 Nd3+ 20. Kf1 Bxe5 21. Ra7 Qc8
22. Bxe7 Re8 23. h4 Qe6 24. Bg5 Qd6 25. Nd2 f5 26. Rb7 Rxb7 27. Bxb7 h6 28. Bxh6
Re7 29. Qf3 Kh7 30. Bf8 1-0

[Event "Qatar Masters Open 2014"]
[Site "Doha QAT"]
[Date "2014.12.02"]
[Round "7.28"]
[White "Wen, Yang"]
[Black "Georgiadis, Nico"]
[Result "1/2-1/2"]
[WhiteTitle "GM"]
[BlackTitle "IM"]
[WhiteElo "2586"]
[BlackElo "2460"]
[WhiteFideId "8602956"]
[BlackFideId "1300113"]
[EventDate "2014.11.26"]

1. d4 Nf6 2. c4 e6 3. Nf3 d5 4. Nc3 Bb4 5. cxd5 exd5 6. Bg5 h6 7. Bh4 g5 8. Bg3
Ne4 9. Nd2 Nxg3 10. hxg3 c6 11. Qc2 Be6 12. a3 Bf8 13. O-O-O Nd7 14. e4 Bg7 15.
f4 gxf4 16. gxf4 dxe4 17. Ndxe4 Qc7 18. d5 cxd5 19. Nxd5 Qxc2+ 20. Kxc2 O-O-O
21. Bc4 Kb8 22. Nd6 Nc5 23. Ne3 Bxc4 24. Nexc4 Ne6 25. Nxf7 Rxd1 26. Rxd1 Rc8
27. Nd6 Rc6 28. f5 Nd4+ 29. Kb1 b5 30. Ne8 Nxf5 31. Na5 Rc8 32. Nxg7 Nxg7 33.
Rd5 a6 34. Rd6 Nf5 35. Rxa6 Rc5 36. Rg6 Ne3 37. Nc6+ Kb7 38. Nd8+ Kc8 39. Ne6
Re5 40. Nf4 h5 41. Rg3 h4 42. Rg8+ Kb7 43. Rh8 Rg5 44. Rh7+ Kb6 45. Rh6+ Kb7 46.
Rh7+ Kb6 47. Rxh4 Nxg2 48. Rh6+ Kb7 49. Ne6 Re5 50. Nd8+ Kc7 51. Nc6 Rc5 52. Nd4
Rd5 53. Ne2 Ne3 54. Nc3 Re5 55. Ka2 Nc4 56. Rh4 Kb6 57. a4 Nxb2 58. Rh6+ Kc5 59.
axb5 Na4 60. Nxa4+ Kxb5 61. Kb3 Re3+ 62. Nc3+ Kc5 63. Rh5+ Kd6 64. Kc4 Re1 65.
Kd4 Ke6 66. Nd5 Rd1+ 67. Ke4 Re1+ 68. Ne3 Kd6 69. Kd4 Ke6 70. Rh6+ Kd7 71. Nf5
Rd1+ 72. Ke5 Re1+ 73. Kd5 Rd1+ 74. Nd4 Ke7 75. Re6+ Kf7 76. Rd6 Ke7 77. Re6+ Kf7
78. Re2 Kf6 79. Rf2+ Ke7 80. Ke5 Re1+ 81. Re2 1/2-1/2

[Event "Qatar Masters Open 2014"]
[Site "Doha QAT"]
[Date "2014.12.03"]
[Round "8.50"]
[White "Ganguly, Surya Shekhar"]
[Black "Daulyte, Deimante"]
[Result "1/2-1/2"]
[WhiteTitle "GM"]
[BlackTitle "IM"]
[WhiteElo "2615"]
[BlackElo "2364"]
[WhiteFideId "5002150"]
[BlackFideId "12802859"]
[EventDate "2014.11.26"]

1. e4 c5 2. Nf3 Nc6 3. d4 cxd4 4. Nxd4 e5 5. Nb5 d6 6. c4 Be7 7. N1c3 a6 8. Na3
Be6 9. Be2 Rc8 10. O-O Nf6 11. Be3 O-O 12. f3 Nd7 13. Kh1 Bg5 14. Bxg5 Qxg5 15.
Qxd6 Nd4 16. f4 Qh4 17. g3 Qh3 18. fxe5 Nxe2 19. Nxe2 Nc5 20. Nf4 Qg4 21. Qd1
Qg5 22. Qd4 Rfd8 23. Nd5 Bh3 24. Rf2 Nd7 25. Rg1 Be6 26. b3 Kh8 27. Nb1 b5 28.
Nd2 Nxe5 29. Nf3 Nxf3 30. Rxf3 bxc4 31. bxc4 Qg4 32. Rgf1 Rxc4 33. Qxc4 Bxd5 34.
Qc7 Rc8 35. Qxc8+ Qxc8 36. exd5 Qc4 37. Rxf7 Qxd5+ 38. Kg1 Qd4+ 39. R1f2 Qd1+
40. Kg2 Qd5+ 41. Kg1 Qd1+ 42. Rf1 Qd4+ 43. R7f2 h6 44. h3 Kh7 45. Kh2 Qc4 46.
Re1 Qd4 47. Ree2 Qc4 48. Re7 Qc5 49. Ref7 Qc4 50. Re7 Qc5 51. Rfe2 Qc4 52. R7e6
Qb5 53. h4 Qc4 54. Re7 Qc5 55. Rf7 Qc4 56. Rfe7 Qc5 57. R7e3 Qd4 58. a3 Qa4 59.
Rd2 Kg6 60. Kg1 Kh7 61. Kh2 Kg6 62. Rd6+ Kh7 63. Red3 Qc2+ 64. Rd2 Qa4 65. R6d3
Qa5 66. Kg2 Qa4 67. Kh3 Qe4 68. Rd4 Qh1+ 69. Kg4 Qf1 70. Rd5 Qc4+ 71. Kh3 Qa4
72. R5d3 Kg6 73. Rf2 Qc6 74. Kh2 Qa4 75. Re3 Qd4 76. Ref3 Qa4 77. Re2 Qc4 78.
Rfe3 Qa4 79. Rf3 Qc4 80. Ref2 Qa4 81. Kh3 Qd7+ 82. g4 h5 83. Rg3 hxg4+ 84. Rxg4+
Kh5 85. Rf4 Qd3+ 86. Rg3 Qd7+ 87. Kg2 Qd5+ 88. Rgf3 Qd2+ 89. Kh3 Qc1 90. Rf5+
Kh6 91. Rf8 Qh1+ 92. Kg4 Qg1+ 93. Kf5 Qc5+ 94. Ke4 Qc4+ 95. Ke3 Qc5+ 96. Ke2
Qc4+ 97. Kd2 Qd4+ 98. Ke2 Qc4+ 99. Kf2 Qxh4+ 100. Kg2 Qg5+ 101. Rg3 Qd5+ 102.
Kg1 Qc5+ 103. Rf2 g6 104. Kg2 Kg7 105. Rd2 Qc6+ 106. Kf2 Qc5+ 107. Ke2 Qc4+ 108.
Kd1 Qf1+ 109. Kc2 Qc4+ 110. Kb2 Qb5+ 111. Rb3 Qe5+ 112. Rc3 Kh6 113. Rd3 g5 114.
a4 Kh5 115. Kb3 Qe6+ 116. Kb4 Qb6+ 117. Ka3 a5 118. Rc4 Qb1 119. Rd5 Qe1 120.
Kb3 Qe3+ 121. Kc2 Qe2+ 122. Kc3 Qe3+ 123. Rd3 Qe5+ 124. Kb3 g4 125. Rcd4 Qe6+
126. Rc4 Qf7 127. Kc3 Qf6+ 128. Rcd4 Kh4 129. Re3 Qc6+ 130. Kd3 Qa6+ 131. Kd2
Qb6 132. Rc4 Qb2+ 133. Kd3 Qb1+ 134. Kc3 Qa1+ 135. Kd3 Qb1+ 136. Kd4 g3 137.
Ke5+ Kh3 138. Rcc3 Qb8+ 139. Kd5 Qb7+ 140. Ke5 Qe7+ 141. Kf5 Qf7+ 142. Ke4 Qe8+
143. Kd5 Qxa4 144. Rxg3+ Kh2 145. Rgd3 Qb5+ 146. Ke4 Qe8+ 147. Kf3 Qh5+ 148. Kf2
Qh4+ 149. Kf1 Qf6+ 150. Ke1 Qh4+ 151. Kd1 Kg1 152. Rc2 Qf4 153. Rb2 Kf1 154. Kc2
Qc4+ 155. Rc3 Qe4+ 156. Rd3 Qc4+ 157. Kd2 Qf4+ 158. Kc3 Qe5+ 159. Kb3 Qb5+ 160.
Kc2 Qc4+ 161. Rc3 Qe4+ 162. Rd3 Qc4+ 163. Kd2 Qf4+ 164. Kc3 Qe5+ 165. Kc2 Qe2+
166. Rd2 Qc4+ 167. Kb1 Ke1 168. Rdc2 Qe4 169. Rb8 Qd3 170. Re8+ Kd1 171. Rc8
Qb3+ 172. Rb2 Qd3+ 173. Ka1 Qd4 174. Kb1 Qe4+ 175. Rbc2 Qb4+ 176. Rb2 1/2-1/2

[Event "Qatar Masters Open 2014"]
[Site "Doha QAT"]
[Date "2014.12.04"]
[Round "9.18"]
[White "Rakhmanov, Aleksandr"]
[Black "Khotenashvili, Bela"]
[Result "1/2-1/2"]
[WhiteTitle "GM"]
[BlackTitle "GM"]
[WhiteElo "2636"]
[BlackElo "2504"]
[WhiteFideId "4173708"]
[BlackFideId "13602640"]
[EventDate "2014.11.26"]

1. c4 e6 2. e4 d5 3. exd5 exd5 4. d4 Nf6 5. Nc3 Bb4 6. Bd3 Nc6 7. Ne2 O-O 8. O-O
dxc4 9. Bxc4 Bf5 10. a3 Bd6 11. f3 h6 12. Be3 Re8 13. Qd2 Na5 14. Ba2 c5 15. Bf2
c4 16. Rfe1 b6 17. Ng3 Bd3 18. Rxe8+ Qxe8 19. Re1 Qd7 20. Nge4 Be7 21. Qf4 Rd8
22. Rd1 Nc6 23. Nxf6+ Bxf6 24. d5 Na5 25. Bd4 Qd6 26. Qe3 Bxd4 27. Qxd4 Nc6 28.
Qf2 Ne7 29. Bb1 Bxb1 30. Nxb1 Ng6 31. Nc3 Nf4 32. Qd4 Qc5 33. Qxc5 bxc5 34. Re1
Kf8 35. Re4 Nxd5 36. Rxc4 Nxc3 37. Rxc3 Rd1+ 38. Kf2 Rd2+ 39. Kg3 Rxb2 40. Rxc5
Rb7 41. h4 g6 42. h5 Rb6 43. a4 gxh5 44. Ra5 Kg7 45. Rxh5 Kg6 46. Ra5 a6 47. Rc5
f6 48. a5 Rd6 49. Kh4 Rd4+ 50. g4 Ra4 51. Rc6 h5 52. Rxa6 hxg4 53. fxg4 Ra3 54.
Ra8 Kh6 55. Ra7 Kg6 56. Ra6 Ra4 57. Ra8 Ra3 58. a6 Kh6 59. Rf8 Rxa6 60. Rxf6+
Rxf6 61. g5+ Kg6 62. gxf6 Kxf6 1/2-1/2